000 00873nam a2200253 i 4500
003 EG-ScBUE
005 20241013084941.0
008 090205s2006 ii f 000 0 eng d
020 _a812612802X
020 _a9788126128020
040 _aEG-ScBUE
_beng
_erda
_cEG-ScBUE
_dEG-ScBUE
082 0 4 _222
_a515.35
_bIYE
100 1 _aIyengar, N. Ch. S. N.,
_eauthor.
245 1 0 _aDifferential equations /
_cby N. Ch. S. N. Iyengar, professor & head, Department of Computer Science, Vellore Engineering College, Vellore.
264 1 _aNew Delhi :
_bAnmol publications PVT. LTD.,
_c2006.
300 _a650 pages ;
_c20 cm
336 _2rdacontent
_atext
_btxt
337 _aunmediated
_2rdamedia
_bn
338 _avolume
_bnc
_2rdacarrier
650 7 _aDifferential equations.
_2BUEsh
650 7 _aPerturbation (Mathematics)
_2BUEsh
655 _vReading book
942 _2ddc
_cBB
999 _c10739
_d10739